00181nam a2200073Ia 4500008004100000100001600041245002800057260002200085190216s9999||||xx |||||||||||||| ||und|| aVijayan M R 0aMannum Sasya Poshanavum bKerala Basha Inst